000 00630nam a2200253Ia 4500
005 20251020182514.0
008 200515s9999 xx 000 0 und d
020 _a958-64-8361-4
082 _a658.41/R77
100 _aRojas López, Miguel David
245 0 _aAdministración para ingenieros
250 _a2a ed.
260 _aBogotá
260 _bEcoe Ediciones
260 _c2004
300 _bil.; tbls.
490 _aTextos Universitarios. Area: Ingeniería
500 _a1 ejemplar
650 _aADMINISTRACION DE EMPRESAS
650 _aEMPRESAS
650 _aINGENIERIA
942 _cLIB
999 _c1545
_d1545